Mummies : (Record no. 4959)
[ view plain ]
| 000 -LEADER | |
|---|---|
| fixed length control field | 01012nam a22002537a 4500 |
| 001 - CONTROL NUMBER | |
| control field | 4959 |
| 003 - CONTROL NUMBER IDENTIFIER | |
| control field | FISKH |
| 005 - DATE AND TIME OF LATEST TRANSACTION | |
| control field | 20241028150952.0 |
| 008 - FIXED-LENGTH DATA ELEMENTS--GENERAL INFORMATION | |
| fixed length control field | 241028b cb ||||| |||| 00| 0 eng d |
| 020 ## - INTERNATIONAL STANDARD BOOK NUMBER | |
| International Standard Book Number | 9781426308093 |
| 040 ## - CATALOGING SOURCE | |
| Original cataloging agency | FISKH |
| Language of cataloging | eng |
| Transcribing agency | FISKH |
| Modifying agency | FISKH |
| 050 ## - LIBRARY OF CONGRESS CALL NUMBER | |
| Classification number | GN293.S56 |
| 082 ## - DEWEY DECIMAL CLASSIFICATION NUMBER | |
| Classification number | 393.3 |
| 100 ## - MAIN ENTRY--PERSONAL NAME | |
| Personal name | Sloan, Christopher |
| 245 ## - TITLE STATEMENT | |
| Title | Mummies : |
| Remainder of title | Dried, Tanned, Sealed, Drained, Frozen, Embalmed, Stuffed, Wrapped, and Smoked...and We're Dead Serious (National Geographic Kids) / |
| Statement of responsibility, etc. | by Christopher Sloan |
| 260 ## - PUBLICATION, DISTRIBUTION, ETC. | |
| Place of publication, distribution, etc. | Washington, DC : |
| Name of publisher, distributor, etc. | National Geographic ; |
| Date of publication, distribution, etc. | 2010 . |
| 300 ## - PHYSICAL DESCRIPTION | |
| Extent | 48 pages : |
| Other physical details | color illustrations ; |
| Dimensions | 28 cm . |
| 490 ## - SERIES STATEMENT | |
| Series statement | National Geographic Kids |
| 520 ## - SUMMARY, ETC. | |
| Summary, etc. | Investigate mysteries from the grave in this creepy-fun compendium of the world's most fascinating mummies. Learn what the experts have discovered about each mummy's life and death. |
| 650 ## - SUBJECT ADDED ENTRY--TOPICAL TERM | |
| Topical term or geographic name entry element | Russian History |
| Form subdivision | non-fiction |
| 700 ## - ADDED ENTRY--PERSONAL NAME | |
| Personal name | Terry, Robin |
| Relator term | project editor |
| 942 ## - ADDED ENTRY ELEMENTS (KOHA) | |
| Source of classification or shelving scheme | Dewey Decimal Classification |
| Koha item type | Books |
| Suppress in OPAC | No |
| Withdrawn status | Lost status | Source of classification or shelving scheme | Damaged status | Not for loan | Collection | Home library | Current library | Shelving location | Date acquired | Total Checkouts | Full call number | Barcode | Date last seen | Price effective from | Koha item type |
|---|---|---|---|---|---|---|---|---|---|---|---|---|---|---|---|
| Dewey Decimal Classification | Non-Fiction | Footprints International School Library Network Toul Kork Campus | Footprints International School Library Network Toul Kork Campus | TTP Secondary Non-Fiction Bookshelves | 10/28/2024 | SLO 393.3 GN293.S56 | FISSE00958 | 10/28/2024 | 10/28/2024 | Books |
